|
|
|
|
| LEADER |
00000nab a2200000 a 4500 |
| 001 |
vtls000677322 |
| 003 |
SK-MaSNL |
| 005 |
20260319075922.0 |
| 008 |
160401c1998 xo 0 ukr |
| 015 |
|
|
|a SNBRA1998/11-24861
|
| 035 |
|
|
|a CLN000029491
|
| 040 |
|
|
|a SNKBUCL
|b slo
|c SNKBUCL
|e AACR2
|
| 041 |
0 |
|
|a ukr
|
| 044 |
|
|
|a xo
|c SK
|
| 080 |
|
|
|a 793.31.091.4
|2 1997
|
| 080 |
|
|
|a 784.4
|2 1997
|
| 080 |
|
|
|a 7.091.4:323.15(437.6=875=83)
|2 1997
|
| 100 |
0 |
|
|a (lk-hč)
|4 aut
|9 905807
|
| 245 |
1 |
0 |
|a Pisnja jednaje duši
|c [avtory] (lk-hč)
|
| 611 |
1 |
7 |
|a Slávnosti kultúry Rusínov-Ukrajincov Slovenska
|n (44. :
|d 1998 :
|c Svidník, Slovensko)
|2 snkbucl
|9 96883
|
| 651 |
|
7 |
|a 712
|2 snkbucl
|9 299153
|
| 655 |
|
7 |
|a články z novín a časopisov
|2 snkbucl
|9 267496
|
| 773 |
0 |
|
|t Nove žyttja
|g Roč. 48, č. 25-26 (1998), s. 3
|
| 850 |
|
|
|a Slovenská národná knižnica v Martine
|
| 852 |
|
|
|a SNK
|b KIS3GCP
|
| 958 |
|
|
|a UK
|
| 958 |
|
|
|a SK
|
| 958 |
|
|
|a RBX
|
| 999 |
|
|
|c 1435472
|d 1437402
|